Southville International School and Colleges
Your cart is empty.
  • Cart
  • Lists
    Public lists Eva Luna New books Lux_list list_1
    Your lists Log in to create your own lists
  • Log in to your account
  • Your cookies
  • Search history
Southville International School and Colleges
  • Advanced search
  • Recent comments
  • Most popular
  • Libraries

Log in to your account

Log in with GOOGLE


If you do not have an external account, but do have a local account, you can still log in:

  1. Home
  2. MARC view: Where art and science entwine /
Normal view MARC view ISBD view

Where art and science entwine / (Record no. 2946)

[ view plain ]
MARC details
000 -LEADER
fixed length control field 00517nam a22002057a 4500
003 - CONTROL NUMBER IDENTIFIER
control field OSt
005 - DATE AND TIME OF LATEST TRANSACTION
control field 20140310181745.0
008 - FIXED-LENGTH DATA ELEMENTS--GENERAL INFORMATION
fixed length control field 130620t xxu||||| |||| 00| 0 eng d
020 ## - INTERNATIONAL STANDARD BOOK NUMBER
International Standard Book Number 9608718682
050 ## - LIBRARY OF CONGRESS CALL NUMBER
Classification number BD 161
Item number .Ek36 2006
082 ## - DEWEY DECIMAL CLASSIFICATION NUMBER
Classification number IB 121.21
Item number Ek1 2006
100 ## - MAIN ENTRY--PERSONAL NAME
Personal name EK.
245 ## - TITLE STATEMENT
Title Where art and science entwine /
Statement of responsibility, etc EK.
260 ## - PUBLICATION, DISTRIBUTION, ETC. (IMPRINT)
Place of publication, distribution, etc Athens, Greece :
Name of publisher, distributor, etc Anagnosis,
Date of publication, distribution, etc c2006.
300 ## - PHYSICAL DESCRIPTION
Extent 70 p.:
Other physical details ill. (some col.) ;
Dimensions 21 cm.
942 ## - ADDED ENTRY ELEMENTS (KOHA)
Source of classification or shelving scheme Library of Congress Classification
Koha item type Books
Holdings
Withdrawn status Lost status Source of classification or shelving scheme Damaged status Home library Current library Shelving location Date acquired Total Checkouts Full call number Barcode Date last seen Copy number Price effective from Koha item type
    Library of Congress Classification   Luxembourg Library Luxembourg Library International Baccalaureate Section 06/20/2013   BD 161 .Ek36 2006 14642 08/13/2013 1 06/20/2013 Books
    Library of Congress Classification   Luxembourg Library Luxembourg Library International Baccalaureate Section 06/20/2013   BD 161 .Ek36 2006 14643 08/13/2013 2 06/20/2013 Books
    Library of Congress Classification   Luxembourg Library Luxembourg Library International Baccalaureate Section 06/20/2013   BD 161 .Ek36 2006 14644 12/05/2018 3 06/20/2013 Books

Where art and science entwine /

APA

EK, . (2006). Where art and science entwine. Athens, Greece: Anagnosis.

Chicago

EK, . 2006. Where art and science entwine. Athens, Greece: Anagnosis.

Harvard

EK, . (2006). Where art and science entwine. Athens, Greece: Anagnosis.

MLA

EK, . Where art and science entwine. Athens, Greece: Anagnosis. 2006.

  • Place hold
  • Print
  • Cite
  • Add to your cart (remove)
  • Save record
    BIBTEX Dublin Core MARCXML MARC (non-Unicode/MARC-8) MARC (Unicode/UTF-8) MARC (Unicode/UTF-8, Standard) MODS (XML) RIS
  • More searches
    Search for this title in:
    Other Libraries (WorldCat) Other Databases (Google Scholar) Online Stores (Bookfinder.com) Open Library (openlibrary.org)

Exporting to Dublin Core...

SOUTHVILLE LIBRARY

Southville International School and Colleges Library

1281 Tropical Ave. Cor. Luxembourg St., BF Homes International, Las Pinas City

Tel. No. 8256374 / 252358 Loc. 117/146

Powered by Koha